| LDR | | 00000nam c2200205 c 4500 |
| 001 | | 000000339280 |
| 005 | | 20251114090715 |
| 007 | | ta |
| 008 | | 251114s2025 ulk r 00af kor |
| 020 | |
▼a 9791197221989
▼g 03810 :
▼c \17000 |
| 040 | |
▼a 248032
▼c 248032
▼d 248032 |
| 049 | 0 |
▼l EM111401 |
| 056 | |
▼a 813.6
▼2 4 |
| 090 | |
▼a 813.6
▼b 김17ㅊ |
| 245 | 20 |
▼a 첫 여름, 완주 :
▼b 김금희 장편소설 /
▼d 김금희 |
| 250 | |
▼a 초판 |
| 260 | |
▼a [서울] :
▼b 무제,
▼c 2025 |
| 300 | |
▼a 223 p. ;
▼c 19 cm |
| 490 | 10 |
▼a 듣는 소설 ;
▼v 001 |
| 490 | 10 |
▼a REC. novel ;
▼v 001 |
| 653 | |
▼a 한국현대소설
▼a 한국소설
▼a 한국문학 |
| 700 | 1 |
▼a 김금희,
▼e 저 |
| 830 | |
▼a 듣는 소설 ;
▼v 001 |
| 830 | |
▼a REC. novel ;
▼v 001 |
| 950 | 0 |
▼b \17000 |
| 990 | |
▼a 관리자2
▼b 관리자2 |